00406 a2200121 4500001001000000005001700010008004100027245008400068100002000152700002300172773007200195999001700267ART_4408820260410161606.0260409a 10aInversiones productivas. Imputación de resultados consecuente de la ley 272641 aSimaro, Gustavo1 aTorchelli, Valeria0 tProfesional & Empresariag- Año XVIII, Nº 217 (oct. 2017)wREV70 c10177d10177